000 00717nam a2200181 a 4500
008 120416s1995 ||||||||||||||||| || u
020 _a052163136x
050 _aB 41 Cam
100 _aAudi, Robert
245 1 4 _aThe Cambridge dictionary of philosophy. (2nd ed.)
_cedited by Robert Audi
250 _a2nd ed.
260 _aU. K.
_bCambridge University Press
_c1995
350 _a0.00
650 _aPHILOSOPHY
650 _aPHILOSOPHY--DICTIONARIES
995 _aREFERENCE BOOKS
_D0.00
_e733303
_FCBU-MAIN LIBRARY (Kitwe)
_H2
_I48.95
_jB 41 Cam
_M2
_UREFERENCE
_y45334
_ZReference Collection
995 _aREFERENCE BOOKS
_D0.00
_e733378
_FCBU-MAIN LIBRARY (Kitwe)
_H1
_I48.95
_jB 41 Cam
_M1
_UREFERENCE
_y45290
_ZReference Collection
999 _c79118
_d79118